|
|
|
|
| LEADER |
00000nam a2200000 i 4500 |
| 001 |
IT\ICCU\BMT\0023849 |
| 003 |
ItRI |
| 005 |
20260115232043.0 |
| 008 |
210427s2021 it |||||| |||||1|||||c |
| 015 |
|
|
|2 IT
|a 2021-2844
|
| 020 |
|
|
|a 9788806247416
|
| 040 |
|
|
|b ita
|c importazione bologna sebina
|
| 041 |
|
7 |
|a ita
|2 ISO-639-2
|
| 082 |
|
|
|a 852.92
|9 LETTERATURA DRAMMATICA ITALIANA, 2000-
|2 23
|
| 100 |
1 |
|
|a Desiati, Mario
|0 IT\ICCU\UBOV\771544
|4 aut
|
| 240 |
1 |
0 |
|a Spatriati
|3 IT\ICCU\BMT\0023850
|9 Desiati, Mario
|
| 245 |
1 |
0 |
|a Spatriati /
|c Mario Desiati.
|
| 260 |
|
|
|a Torino :
|b Einaudi,
|c 2021
|
| 300 |
|
|
|a 277 p. ;
|c 23 cm
|
| 942 |
|
|
|2 ddc
|c BK
|n 0
|
| 952 |
|
|
|0 0
|1 0
|4 0
|6 DOC_853_920000000000000_DES
|7 0
|9 19222
|a BO
|b BO
|d 2026-01-15
|i 19728
|l 0
|o DOC 853.92 DES
|p BO19728
|r 2026-01-15 23:20:43
|w 2026-01-15
|x [Sebina 5] [1 v.]
|y BK
|z 1 v.
|
| 999 |
|
|
|c 16358
|d 16358
|